书目信息 |
| 题名: |
儿童游乐场设计
|
|
| 作者: | 布罗托 , 布罗托 编 ;陈玥 , 刘超 译 | |
| 分册: | ||
| 出版信息: | 天津 天津大学出版社 2009.08 |
|
| 页数: | 543页 | |
| 开本: | 24cm | |
| 丛书名: | ||
| 单 册: | ||
| 中图分类: | TU242.4 | |
| 科图分类: | ||
| 主题词: | 游乐场--you yue chang--建筑设计 | |
| 电子资源: | ||
| ISBN: | 978-7-5618-2989-9 | |
| 000 | 01080nam0 2200289 450 | |
| 001 | 1063572821 | |
| 005 | 20101210174027.90 | |
| 010 | @a978-7-5618-2989-9@b精装@dCNY298.00 | |
| 100 | @a20091128d2009 em y0chiy0120 ea | |
| 101 | 1 | @achi@cspa |
| 102 | @aCN@b120000 | |
| 105 | @aa z 000yy | |
| 200 | 1 | @a儿童游乐场设计@Aer tong you yue chang she ji@f(西)布罗托编@F(xi)bu luo tuo bian |
| 210 | @a天津@c天津大学出版社@d2009.08 | |
| 215 | @a543页@c图@d24cm | |
| 312 | @a英文并列题名取自封面 | |
| 314 | @a责任者取自版权页 | |
| 330 | @a本书设计师们用来表达创意和想象的方法千变万化,而每种方法却能产生不同的效果。有的游乐场整体规划和细节处理都是那么精致,而有的则略显简约。然而,即使是看似简约的设计背后也饱含着设计师们的创新精神。 | |
| 500 | 10 | @aPlaygrounds design@mChinese |
| 606 | 0 | @a游乐场@Ayou yue chang@x建筑设计 |
| 690 | @aTU242.4@v4 | |
| 701 | 1 | @a布罗托@Abu luo tuo@g(Broto, Carles)@4编 |
| 701 | 0 | @a布罗托@Abu luo tuo@4编 |
| 702 | 0 | @a陈玥@Achen yue@4译 |
| 702 | 0 | @a刘超@Aliu chao@4译 |
| 801 | 0 | @aCN@bQSSK@c20101210 |
| 905 | @b767100@dTU242.4@eB983@f1 | |
| 儿童游乐场设计/(西)布罗托编.-天津:天津大学出版社,2009.08 |
| 543页:图;24cm |
| ISBN 978-7-5618-2989-9(精装):CNY298.00 |
| 本书设计师们用来表达创意和想象的方法千变万化,而每种方法却能产生不同的效果。有的游乐场整体规划和细节处理都是那么精致,而有的则略显简约。然而,即使是看似简约的设计背后也饱含着设计师们的创新精神。 |
| ● |
| 相关链接 |
|
|
|
正题名:儿童游乐场设计
索取号:TU242.4/B983
 
预约/预借
| 序号 | 登录号 | 条形码 | 馆藏地/架位号 | 状态 | 备注 |
| 1 | 825154 | 208251540 | 建筑库101/101建筑库 67排4列1层/ [索取号:TU242.4/B983] | 在馆 |